Ciencias Sociales en América Latina y el Caribe /
Збережено в:
| Співавтори: | , |
|---|---|
| Формат: | Текст |
| Опубліковано: |
Buenos Aires:
CENEDIC. CLACSO
|
| Теги: |
Додати тег
Немає тегів, Будьте першим, хто поставить тег для цього запису!
|
MARC
| LEADER | 00000 a a2200000 04500 | ||
|---|---|---|---|
| 001 | 29861 | ||
| 003 | |||
| 040 | |||
| 090 | |a 194103 |b RECURSO ELECTRONICO | ||
| 110 | |a CLACSO | ||
| 245 | |a Ciencias Sociales en América Latina y el Caribe / |c CLACSO | ||
| 260 | |a Buenos Aires: |b CENEDIC. CLACSO | ||
| 500 | |a También impreso No. de acceso 142600-0Debe ser instaladoTambién impreso No. de acceso 142600-0Debe ser instalado | ||
| 710 | |a ASDI | ||
| 999 | |c 15640 |d 15640 | ||
